000 00639nam a22001817a 4500
005 20251108170834.0
008 250721s1999 xx 000 0 ara d
082 1 4 _a658.4034/عاص
100 1 _aالشيخ، عاصم عبد الرحمن
245 1 0 _aبحوث العمليات و استخدام حزم البرمجيات :
_bبرمجية الخوارزمي /
264 1 _aعمان :
_bدار المناهج للنشر و التوزيع،
_c1999.
300 _a344ص
650 1 7 _aبحوث العمليات
650 1 7 _aتقنيات الإدارة
650 1 7 _aإتخاذ القرارات
942 _2ddc
_cBK
999 _c50212
_d50212